[Event "AUTO-BEG-151"]
[Site "http://www.queenalice.com/game.php?id=348591"]
[Date "2008.2.4"]
[Round "2"]
[White "rharshul"]
[Black "mmcar07"]
[Result "0-1"]
[WhiteElo "1459"]
[BlackElo "1686"]

1. e4 g6 2. d4 Bg7 3. Nc3 f5 4. exf5 Nf6 5. fxg6 hxg6 6. Nf3 d5 7. Bg5 Ne4 8.
Nxe4 dxe4 9. Nh4 Bxd4 10. Nxg6 Rg8 0-1

[Event "AUTO-INT-662"]
[Site "http://www.queenalice.com/game.php?id=366107"]
[Date "2008.3.5"]
[Round "2"]
[White "QueenMalice"]
[Black "mmcar07"]
[Result "1-0"]
[WhiteElo "1487"]
[BlackElo "1802"]

1. f4 e6 2. Nf3 f6 3. e3 Ne7 4. Bb5 c6 5. Ba4 b5 6. Bb3 a5 7. c3 d5 8. Nd4 Na6
9. Bc2 g6 10. d3 Bd7 11. Bd2 Nf5 12. Ne2 b4 13. d4 Rb8 14. Bxf5 exf5 15. O-O Bd6
16. Be1 h6 17. a3 1-0

[Event "AUTO-INT-662"]
[Site "http://www.queenalice.com/game.php?id=366108"]
[Date "2008.3.5"]
[Round "2"]
[White "mmcar07"]
[Black "QueenMalice"]
[Result "1-0"]
[WhiteElo "1799"]
[BlackElo "1474"]

1. e4 e5 2. Bd3 Nc6 3. Nc3 a6 4. Nd5 Nf6 5. Nxf6+ Qxf6 6. Nf3 d6 7. c3 Be7 8. b4
b5 9. Rg1 Bg4 10. Be2 h5 11. d3 Qe6 12. h3 Bxf3 13. Bxf3 g6 14. Be3 a5 15. a3
1-0

[Event "AUTO-INT-662"]
[Site "http://www.queenalice.com/game.php?id=366111"]
[Date "2008.3.5"]
[Round "2"]
[White "mmcar07"]
[Black "Delferrer"]
[Result "0-1"]
[WhiteElo "1701"]
[BlackElo "1580"]

1. e4 d5 2. d3 e5 3. Nf3 Bg4 4. Be2 Bxf3 5. Bxf3 d4 6. c3 c5 7. c4 h6 8. Na3 a6
9. Qb3 b6 10. Qa4+ Nd7 11. O-O Nf6 12. Bd2 Bd6 13. g4 g5 14. h3 Nh7 15. Rac1 O-O
16. Kg2 f6 17. Rh1 Be7 18. h4 Kg7 19. h5 Rf7 20. Nb1 Bd6 21. Rh3 Nhf8 22. Qc2 b5
23. b3 b4 24. a3 a5 25. a4 Ne6 26. Re1 Qe7 27. Be2 Re8 28. f3 Qf8 29. Bc1 Rfe7
30. Rf1 Qf7 31. Kg1 Ndf8 32. Rg3 Kh8 33. Qd1 Nf4 34. Rf2 N8e6 35. Bd2 Qh7 36.
Kf1 Rf8 37. Be1 Nxe2 38. Rxe2 Nf4 39. Rf2 Bc7 40. Nd2 Ne6 41. Kg1 Kg7 42. Nf1
Nf4 43. Kh2 Bd8 44. Rd2 Kg8 45. Bf2 Ne6 46. Rg1 Ng7 47. Ng3 Kf7 48. Nf5 Nxf5 49.
exf5 Bc7 50. Qe2 e4+ 51. Bg3 Bf4 52. Rdd1 e3 53. Rde1 Kg8 54. Bxf4 gxf4 55. Qg2
Rg7 56. Kh3 Kf7 57. Qh2 Qg8 58. Qxf4 Qh7 59. Qc7+ Kg8 60. Qxc5 Rd7 61. Qxa5 Qe7
62. Qb6 Rc8 63. Qa6 Rd6 64. Qxc8+ Rd8 65. Qc6 Rd6 66. Qe4 Qa7 67. Qe8+ Kg7 0-1

[Event "AUTO-INT-662"]
[Site "http://www.queenalice.com/game.php?id=366112"]
[Date "2008.3.5"]
[Round "2"]
[White "Delferrer"]
[Black "mmcar07"]
[Result "0-1"]
[WhiteElo "1602"]
[BlackElo "1791"]

1. e4 e5 2. Nf3 Nc6 3. Bb5 a6 4. Bxc6 bxc6 5. Nxe5 d6 6. Nxc6 Qh4 7. g3 Qxe4+ 8.
Qe2 Qxe2+ 9. Kxe2 Bb7 10. Re1 Bxc6 11. Kd1+ Be7 12. Nc3 Nf6 13. d3 h6 14. Bd2 d5
15. a3 d4 16. Ne4 Nxe4 17. dxe4 O-O-O 18. f3 d3 19. c3 Ba4+ 20. Kc1 Rd6 21. Bf4
Bg5 22. Kd2 Bxf4+ 23. gxf4 Bc2 24. e5 Rd5 25. Re4 Re8 26. Rg1 g6 27. Ra4 Bxa4
28. h4 h5 29. Re1 c5 30. Re4 Bb3 31. Re3 c4 32. Re4 Kd7 33. Re1 Re6 34. Re4 Kc6
35. Re3 Kb5 36. Re4 Kc5 37. Re3 f6 38. Re4 fxe5 39. fxe5 Rexe5 40. Re1 Rxe1 41.
Kxe1 Re5+ 42. Kd2 Re2+ 43. Kc1 d2+ 44. Kb1 d1=Q# 0-1

[Event "AUTO-ADV-1034"]
[Site "http://www.queenalice.com/game.php?id=461560"]
[Date "2008.9.11"]
[Round "1"]
[White "andresalles"]
[Black "mmcar07"]
[Result "1-0"]
[WhiteElo "1863"]
[BlackElo "1615"]

1. e4 e5 2. Bc4 Nf6 3. Nf3 Nxe4 4. Nxe5 Qf6 5. Ng4 Qe7 6. O-O f5 7. Ne3 c6 8. f3
d5 9. Bd3 g5 10. fxe4 dxe4 11. Re1 Qc5 12. b4 Qd4 13. Nc3 f4 14. Bxe4 1-0

[Event "AUTO-ADV-1034"]
[Site "http://www.queenalice.com/game.php?id=461561"]
[Date "2008.9.11"]
[Round "1"]
[White "mmcar07"]
[Black "andresalles"]
[Result "0-1"]
[WhiteElo "1756"]
[BlackElo "1862"]

1. Nc3 Nf6 2. d3 e5 3. Bg5 Bb4 4. Qd2 h6 5. Bxf6 Qxf6 6. e4 Nc6 7. a3 Bxc3 8.
Qxc3 O-O 9. Nf3 d6 10. O-O-O Bg4 11. Be2 Nd4 12. Qxc7 Rac8 0-1

[Event "AUTO-OPEN-1260"]
[Site "http://www.queenalice.com/game.php?id=461665"]
[Date "2008.9.11"]
[Round "1"]
[White "Fischercat"]
[Black "mmcar07"]
[Result "1-0"]
[WhiteElo "1772"]
[BlackElo "1715"]

1. c4 Nc6 2. b3 d6 3. Bb2 e5 4. e4 Nf6 5. d3 Ng4 6. h3 Qh4 7. Qf3 Nf6 8. g3 Qh5
9. Qxh5 Nxh5 10. Be2 g6 11. Bxh5 1-0